Chemical engineering kinetics (Record no. 6589)

000 -LEADER
fixed length control field 00510nam a2200193 4500
001 - CONTROL NUMBER
control field 6589
003 - CONTROL NUMBER IDENTIFIER
control field BD-DhUET
008 - FIXED-LENGTH DATA ELEMENTS--GENERAL INFORMATION
fixed length control field 700825s1970 nyua b 001 0 eng
040 ## - CATALOGING SOURCE
Transcribing agency 0
Modifying agency BD-DhUET
Original cataloging agency DLC
082 00 - DEWEY DECIMAL CLASSIFICATION NUMBER
Classification number 541.39
Item number SMI/1970
100 ## - MAIN ENTRY--PERSONAL NAME
Personal name Smith, J. M.
245 10 - TITLE STATEMENT
Title Chemical engineering kinetics
250 ## - EDITION STATEMENT
Edition statement 2nd ed.
260 ## - PUBLICATION, DISTRIBUTION, ETC. (IMPRINT)
Place of publication, distribution, etc. New York
Name of publisher, distributor, etc. McGraw-Hill
Date of publication, distribution, etc. 1970
300 ## - PHYSICAL DESCRIPTION
Extent xviii, 612p.
Other physical details ill.
490 0# - SERIES STATEMENT
Series statement McGraw-Hill chemical engineering series
650 #0 - SUBJECT ADDED ENTRY--TOPICAL TERM
Topical term or geographic name as entry element Kinetics : Physical chemistry
942 ## - ADDED ENTRY ELEMENTS (KOHA)
Koha item type General Book
Holdings
Copy number Koha date last seen Koha normalized classification for sorting Withdrawn status Shelving location Lost status Sublocation or collection (holding branch) Not for loan Koha item type Damaged status Date acquired Koha full call number Source of classification or shelving scheme Piece designation (barcode) Price effective from Location (home branch)
12014-12-04541_390000000000000_SMI_1970 Circulation section Central Library, BUET General Book 2014-12-04541.39/SMI/1970 845762014-12-04Central Library, BUET
22014-12-12541_390000000000000_SMI_1970 Circulation section Central Library, BUET General Book 2014-12-12541.39/SMI/1970 298652014-12-12Central Library, BUET
32014-12-12541_390000000000000_SMI_1970 Circulation section Central Library, BUET General Book 2014-12-12541.39/SMI/1970 298672014-12-12Central Library, BUET
42014-12-12541_390000000000000_SMI_1970 Circulation section Central Library, BUET General Book 2014-12-12541.39/SMI/1970 298632014-12-12Central Library, BUET
52015-03-11541_390000000000000_SMI_1970 Circulation section Central Library, BUET General Book 2015-03-11541.39/SMI/1970 298712015-03-11Central Library, BUET
62015-03-14541_390000000000000_SMI_1970 Circulation section Central Library, BUET General Book 2015-03-14541.39/SMI/1970 298682015-03-14Central Library, BUET
72015-03-14541_390000000000000_SMI_1970 Circulation section Central Library, BUET General Book 2015-03-14541.39/SMI/1970 370452015-03-14Central Library, BUET
82015-04-23541_390000000000000_SMI_1970 Circulation section Central Library, BUET General Book 2015-04-23541.39/SMI/1970 298692015-04-23Central Library, BUET
92015-04-23541_390000000000000_SMI_1970 Circulation section Central Library, BUET General Book 2015-04-23541.39/SMI/1970 298592015-04-23Central Library, BUET
102015-04-26541_390000000000000_SMI_1970 Circulation section Central Library, BUET General Book 2015-04-26541.39/SMI/1970 298702015-04-26Central Library, BUET
112015-04-26541_390000000000000_SMI_1970 Circulation section Central Library, BUET General Book 2015-04-26541.39/SMI/1970 298612015-04-26Central Library, BUET
122015-04-27541_390000000000000_SMI_1970 Circulation section Central Library, BUET General Book 2015-04-27541.39/SMI/1970 259672015-04-27Central Library, BUET
132015-04-27541_390000000000000_SMI_1970 Circulation section Central Library, BUET General Book 2015-04-27541.39/SMI/1970 298602015-04-27Central Library, BUET
142015-06-08541_390000000000000_SMI_1970 Reading section Central Library, BUET Reading Item 2015-06-08541.39/SMI/1970 298622015-06-08Central Library, BUET
152015-06-08541_390000000000000_SMI_1970 Reading section Central Library, BUET Reading Item 2015-06-08541.39/SMI/1970 298662015-06-08Central Library, BUET
162015-06-08541_390000000000000_SMI_1970 Reading section Central Library, BUET Reading Item 2015-06-08541.39/SMI/1970 298722015-06-08Central Library, BUET
172015-06-08541_390000000000000_SMI_1970 Reading section Central Library, BUET Reading Item 2015-06-08541.39/SMI/1970 298642015-06-08Central Library, BUET